Mma Afrika : Theto ya Segageso (Record no. 185077)

MARC details
000 -LEADER
fixed length control field 00283nam a2200097Ia 4500
082 ## - DEWEY DECIMAL CLASSIFICATION NUMBER
Classification number NSO 896.3977113
008 - FIXED-LENGTH DATA ELEMENTS--GENERAL INFORMATION
fixed length control field 210817s9999 xx 000 0 und d
100 ## - MAIN ENTRY--PERSONAL NAME
Personal name SETUMU, Tlou Braamfontein, South Africa, 2008
9 (RLIN) 59016
245 #0 - TITLE STATEMENT
Title Mma Afrika : Theto ya Segageso
942 ## - ADDED ENTRY ELEMENTS
item type Books
Holdings
Withdrawn status Lost status Damaged status Not for loan Home library Current library Date acquired Cost, normal purchase price Total Checkouts Barcode Date last seen Price effective from item type
        Milan Park Milan Park 18.08.2021 160.00   33228020786396 18.08.2021 18.08.2021 Books